000
00273nam a22001337a 4500
003
SGT
020
_a
9788190744911
082
_a
070
_b
N08V
100
_a
VASISHT, SHANTA
245
_a
NEHRU TO IRAQ
260
_b
HARMAN PUBLISHING
_c
2008
300
_a
105
942
_2
ddc
_c
BK
999
_c
28847
_d
28847